000 00822cab a2200217 4500
001 ABS39374
008 090401t1988 xxu||||| |||| 00| 0 eng d
035 _a(Sirsi) u16224
041 _aeng
100 _aYoung, E.
245 _aAbandonment
260 _c1988
350 _a0
490 _aScottish Planning Law and Practice
_v(24) June 1988, 36-40(5)
520 _aDiscusses the concept of abandonment . Indicates, by way of planning decisions and the few court cases, the weight given to factors relevant in determining whether or not a use has been abandoned. The factors considered are : 1) physical condition; 2) period of non-use; 3) intervening use and 4) owner`s intention.
650 _aABANDONMENT
650 _aSCOTLAND
690 _aPLANNING LAW AND PRACTICE
942 _n0
948 _c04/03/1997
999 _c10661
_d10661